Методика изучения глубокого подземного стока

Bibliographische Detailangaben
1. Verfasser: Дюнин В. И. Валерий Иванович
Sprache:Russisch
Veröffentlicht: Москва, Недра, 1985
Schlagworte:
Format: Buch
KOHA link:https://koha.lib.tpu.ru/cgi-bin/koha/opac-detail.pl?biblionumber=97798

MARC

LEADER 00000nam0a2200000 4500
001 97798
005 20231031111114.0
035 |a (RuTPU)RU\TPU\book\104834 
090 |a 97798 
100 |a 20060605d1985 km y0rusy50 ca 
101 0 |a rus 
102 |a RU 
105 |a a z 001zy 
200 1 |a Методика изучения глубокого подземного стока  |f В. И. Дюнин 
210 |a Москва  |c Недра  |d 1985 
215 |a 136 с.  |c ил. 
320 |a Библиогр.: с. 134-136. 
610 1 |a геология 
610 1 |a гидрогеология 
610 1 |a воды подземные 
610 1 |a подземный сток 
610 1 |a изучение 
610 1 |a методика 
610 1 |a глубокие воды 
675 |a 556.168  |v 3 
700 1 |a Дюнин  |b В. И.  |g Валерий Иванович 
801 1 |a RU  |b 63413507  |c 20060605  |g PSBO 
801 2 |a RU  |b 63413507  |c 20080109  |g PSBO 
942 |c BK